| 000 | 00639nam a22002177a 4500 | ||
|---|---|---|---|
| 999 |
_c13057 _d13057 |
||
| 003 | AR-CdUCM | ||
| 008 | 190411b ||||| |||| 00| 0 spa d | ||
| 040 |
_aMUNICIPALIDAD PROVINCIAL DEL CUSCO _cBIBLIOTECA MUNICIPAL DEL CUSCO |
||
| 082 |
_aES / 373.869 / _bB25 |
||
| 100 |
_aBarrionuevo, Alfonsina _915899 |
||
| 245 | _aLa chica de la cruz / | ||
| 260 |
_aLima : _c1976. |
||
| 300 |
_a111 paginas ; _bIlustraciones, graficos, dibujos, _c21 cm. |
||
| 500 | _aLiteratura | ||
| 650 |
_aLiteratura _983 |
||
| 650 |
_aHistoria _9136 |
||
| 650 |
_aCuentos _9217 |
||
| 650 |
_aPerĂº _935 |
||
| 942 |
_2ddc _cLIBROS |
||
| 945 |
_apjha _d2019-04-15 |
||